Statistics for Formula 1 A-Z #2

Click here to take the quiz!

General Stats

  • This quiz has been taken 232 times
  • The average score is 16 of 26

Answer Stats

HintAnswer% Correct
ATwo-time Drivers' Champion and driver of a "GP2 engine"Fernando Alonso
89%
HInitially controversial when introduced to F1 in 2018, but has since saved multiple livesHalo
87%
QThe final session of qualifying, to decide the order of the top 10Q3
82%
VThe youngest one, two, three, and four-time Drivers' ChampionSebastian Vettel
80%
SThe first six and seven-time Driver's ChampionMichael Schumacher
78%
UCountry of the Yas Marina CircuitUnited Arab Emirates
77%
WOne of the most successful constructors in F1, but has finished last four times in the last decadeWilliams
75%
FThe first F1 World ChampionGiuseppe Farina
74%
RThe team with which A won his Drivers' ChampionshipsRenault
71%
LThree-time Drivers' Champion that later helped Mercedes become one of the most dominant teams in F1 historyNiki Lauda
69%
XThe first name of Charles Leclerc's race engineerXavier
65%
BOne-time Constructors' Champion owned by a family who runs a chain of clothing stores of the same nameBenetton
59%
ZHas the steepest banking of any circuit currently on the F1 calendarCircuit Zandvoort
59%
PThe driver who crashed in 'Crashgate'Nelson Piquet Jr.
59%
OThe first lap after leaving the pit laneOut lap
58%
JAustralian 1980 Drivers' ChampionAlan Jones
56%
CDCDavid Coulthard
56%
EDriver with an unremarkable F1 career that went on to win the Indy 500 in 2022Marcus Ericsson
55%
IOne of only two Grands Prix held in every F1 seasonItalian Grand Prix
53%
G"Is that _____?"Glock
47%
KCircuit that hosted the most recent F1 race held in AfricaKyalami Grand Prix Circuit
47%
TFormer Ferrari CEO and FIA presidentJean Todt
44%
DThe current CEO of Formula One GroupStefano Domenicali
42%
NThe most famous configuration of the NürburgringNordschleife
40%
YJapanese F1 driver turned politicianSakon Yamamoto
28%
MDesigner of the 'fan car' and the Drivers' Championship winning BT49 and BT52 for BrabhamGordon Murray
15%

Score Distribution

Percentile by Number Answered

Percent of People with Each Score

Your Score History

You have not taken this quiz